000 00249nam a2200109Ia 4500
008 220204s9999 xx 000 0 und d
082 _a82-7
_bPLA.3;1
100 _aPlayboy
245 0 _aParty jokes. 3
260 _aNew York
_bJove
_c1982
942 _cBK
999 _c37449
_d37449